Catálogo público

Sistemas de producción químico y biológico del aguacatero hass en la Sierra de Tecpan de Galeana, Gro. / (Record no. 104106)

MARC details
000 -CABECERA
campo de control de longitud fija 01259nam a2200361 a 4500
001 - NÚMERO DE CONTROL
campo de control 000107644
003 - IDENTIFICADOR DEL NÚMERO DE CONTROL
campo de control CHAP
005 - FECHA Y HORA DE LA ÚLTIMA TRANSACCIÓN
campo de control 20220329143938.0
008 - DATOS DE LONGITUD FIJA--INFORMACIÓN GENERAL
campo de control de longitud fija 130529s2011 mx a grm 000 0 spa d
010 ## - NÚMERO DE CONTROL DE LA BIBLIOTECA DEL CONGRESO
Número de control de LC 104106
011 ## - ENLACE DEL NUMERO DE CONTROL DE LA BIBLIOTECA DEL CONGRESO [OBSOLETO]
Número de control de LC 105078
040 ## - FUENTE DE LA CATALOGACIÓN
Centro/agencia transcriptor CHAP
090 ## - LOCALMENTE ASIGNADO TIPO-LC NÚMERO DE CLASIFICACIÓN (OCLC); NÚMERO DE CLASIFICACIÓN LOCAL (RLIN)
Número de clasificación (OCLC) (R) ; Numero de clasificación, CALL (RLIN) (NR) Tesis
100 1# - ENTRADA PRINCIPAL--NOMBRE DE PERSONA
Nombre de persona Rauda Ortiz, José
9 (RLIN) 124385
245 10 - MENCIÓN DE TÍTULO
Título Sistemas de producción químico y biológico del aguacatero hass en la Sierra de Tecpan de Galeana, Gro. /
Mención de responsabilidad, etc. José Rauda Ortiz.
260 ## - PUBLICACIÓN, DISTRIBUCIÓN, ETC.
Lugar de publicación, distribución, etc. Cocula, Gro. :
Nombre del editor, distribuidor, etc. El autor,
Fecha de publicación, distribución, etc. 2011.
300 ## - DESCRIPCIÓN FÍSICA
Extensión xiii, 118 p. :
Otras características físicas il.
502 ## - NOTA DE TESIS
Nota de tesis Tesis (Ing. Agr. Fitotecnista) -- Colegio Superior Agropecuario del Estado de Guerrero
590 ## - NOTA LOCAL (RLIN)
Nota local BATCH-UPD
Procedencia (VM) [OBSOLETO] 10
Condición del los carretes individuales (VM) [OBSOLETO] 20130913
-- UCH01
-- 1848
590 ## - NOTA LOCAL (RLIN)
Nota local E11694LHA
Procedencia (VM) [OBSOLETO] 10
Condición del los carretes individuales (VM) [OBSOLETO] 20130529
-- UCH01
-- 1020
590 ## - NOTA LOCAL (RLIN)
Nota local E11694LHA
Procedencia (VM) [OBSOLETO] 10
Condición del los carretes individuales (VM) [OBSOLETO] 20130529
-- UCH01
-- 1039
590 ## - NOTA LOCAL (RLIN)
Nota local E11694LHA
Procedencia (VM) [OBSOLETO] 10
Condición del los carretes individuales (VM) [OBSOLETO] 20130529
-- UCH01
-- 1044
590 ## - NOTA LOCAL (RLIN)
Nota local E11694LHA
Procedencia (VM) [OBSOLETO] 10
Condición del los carretes individuales (VM) [OBSOLETO] 20130529
-- UCH01
-- 1044
590 ## - NOTA LOCAL (RLIN)
Nota local E11694LHA
Procedencia (VM) [OBSOLETO] 10
Condición del los carretes individuales (VM) [OBSOLETO] 20130529
-- UCH01
-- 1123
590 ## - NOTA LOCAL (RLIN)
Nota local E11695DGD
Procedencia (VM) [OBSOLETO] 10
Condición del los carretes individuales (VM) [OBSOLETO] 20141109
-- UCH01
-- 1509
590 ## - NOTA LOCAL (RLIN)
Nota local E11695DGD
Procedencia (VM) [OBSOLETO] 10
Condición del los carretes individuales (VM) [OBSOLETO] 20150210
-- UCH01
-- 0925
650 #4 - PUNTO DE ACCESO ADICIONAL DE MATERIA--TÉRMINO DE MATERIA
Término de materia o nombre geográfico como elemento de entrada Aguacate
Subdivisión general Análisis.
9 (RLIN) 2492
650 #4 - PUNTO DE ACCESO ADICIONAL DE MATERIA--TÉRMINO DE MATERIA
Término de materia o nombre geográfico como elemento de entrada Aguacate
Subdivisión general Enfermedades.
9 (RLIN) 2510
650 #4 - PUNTO DE ACCESO ADICIONAL DE MATERIA--TÉRMINO DE MATERIA
Término de materia o nombre geográfico como elemento de entrada Aguacate
Subdivisión geográfica Guerrero.
9 (RLIN) 175519
901 ## - ELEMENTOS DE DATOS A LOCAL LDA (RLIN)
a BK
942 ## - ELEMENTOS DE PUNTO DE ACCESO ADICIONAL (KOHA)
Tipo de ítem Koha Tesis
942 ## - ELEMENTOS DE PUNTO DE ACCESO ADICIONAL (KOHA)
Suprimir en OPAC 0
Holdings
Estado de retiro Estado de pérdida Fuente del sistema de clasificación o colocación Estado dañado Restricciones de uso No para préstamo Código de colección Localización permanente Ubicación/localización actual Ubicación en estantería Fecha de adquisición Información codificada de la localización en otra ubicación Total de préstamos Signatura topográfica completa Código de barras Fecha visto por última vez Precio válido a partir de Tipo de ítem Koha
    Clasificación Universidad Autónoma de Chapingo   Préstamo interno   Tesis Biblioteca Central Biblioteca Central Planta alta - Área de Tesis - Tesis 29/05/2013 TESIS   Tesis 33724002363892 31/12/2019 29/05/2013 Tesis